Ciele a predpoklady rozvoja cestovného ruchu na Slovensku v konkurenčnom prostredí

Ciele a predpoklady rozvoja cestovného ruchu na Slovensku do roku 2010. Kvantifikácia strategických cieľov. Príjmy z cestovného ruchu. Zamestnanosť v cestovnom ruchu. Organizačná štruktúra a legislatíva. Infraštruktúra a kvalita cestovného ruchu. Regióny cestovného ruchu a cieľové miesta. Informácie...

Descrizione completa

Salvato in:
Dettagli Bibliografici
Autore principale: Gúčik, Marián
Altri autori: Malachovský, Andrej
Natura: Capitolo di libro
Lingua:slovacco
Soggetti:
Tags: Aggiungi Tag
Nessun Tag, puoi essere il primo ad aggiungerne!!

MARC

LEADER 00000naa a2200000 4500
001 r047472
005 20230724111400.8
041 0 |a slo 
044 |a SK 
245 1 0 |a Ciele a predpoklady rozvoja cestovného ruchu na Slovensku v konkurenčnom prostredí  |c Marian Gúčik, Andrej Malachovský 
520 |a Ciele a predpoklady rozvoja cestovného ruchu na Slovensku do roku 2010. Kvantifikácia strategických cieľov. Príjmy z cestovného ruchu. Zamestnanosť v cestovnom ruchu. Organizačná štruktúra a legislatíva. Infraštruktúra a kvalita cestovného ruchu. Regióny cestovného ruchu a cieľové miesta. Informácie prezentácia Slovenska ako cieľovej skupiny. Vzdelávanie a výchova obyvateľstva k cestovnému ruchu. Podnikateľské prostredie. Štatistika a výskum cestovného ruchu. 
610 2 0 |a ruch cestovný 
610 2 0 |a Slovensko 
610 2 0 |a ukazovatele 
610 2 0 |a zamestnanosť 
610 2 0 |a legislatíva 
610 2 0 |a štruktúra organizačná 
610 2 0 |a infraštruktúra 
610 2 0 |a regióny 
610 2 0 |a prostredie podnikateľské 
610 2 0 |a politika ruchu cestovného 
100 1 |a Gúčik, Marián 
700 1 |a Malachovský, Andrej